Gemeinden Bezirk Bern-Mittelland - Statistiken

Allgemein
  • Dieses Quiz wurde 96 mal gespielt
    69 seit der letzten Aktualisierung
  • Das Durchschnittsergebnis liegt bei 31 aus 74
Antwortstatistiken
Einwohner Antwort % Korrekt
42'409 Köniz
100%
134'506 Bern
93%
11'578 Belp
86%
17'884 Ostermundigen
86%
6361 Bolligen
79%
5399 Fraubrunnen
79%
13'317 Muri bei Bern
79%
11'460 Worb
79%
11'595 Ittigen
71%
13'045 Münsingen
71%
9348 Wohlen bei Bern
71%
11'140 Zollikofen
71%
4303 Bremgarten bei Bern
64%
4130 Grosshöchstetten
64%
5789 Jegenstorf
64%
10'419 Münchenbuchsee
64%
6767 Schwarzenburg
64%
5694 Vechigen
64%
4474 Kehrsatz
57%
5463 Konolfingen
57%
3380 Stettlen
57%
6410 Urtenen-Schönbühl
57%
3086 Riggisberg
50%
2611 Toffen
50%
1176 Wald
50%
1430 Frauenkappelen
43%
3282 Laupen
43%
1278 Linden
43%
2558 Meikirch
43%
3074 Mühleberg
43%
5656 Neuenegg
43%
3572 Oberdiessbach
43%
2910 Rubigen
43%
1787 Rüeggisberg
43%
4350 Wichtrach
43%
1623 Zäziwil
43%
1478 Guggisberg
36%
1124 Kaufdorf
36%
3216 Kirchlindach
36%
509 Niedermuhlern
36%
1706 Rüschegg
36%
1852 Biglen
29%
1338 Bowil
29%
88 Deisswil bei Münchenbuchsee
29%
609 Herbligen
29%
433 Iffwil
29%
315 Jaberg
29%
1013 Kiesen
29%
4113 Moosseedorf
29%
856 Oberbalm
29%
640 Oppligen
29%
1795 Walkringen
29%
542 Zuzwil
29%
566 Allmendingen
21%
951 Arni
21%
1223 Ferenbalm
21%
1266 Gerzensee
21%
1820 Kirchdorf
21%
613 Landiswil
21%
559 Münchenwiler
21%
2013 Thurnen
21%
1096 Bäriswil
14%
488 Brenzikofen
14%
464 Freimettigen
14%
247 Gurbrü
14%
263 Häutligen
14%
589 Mattstetten
14%
593 Mirchel
14%
710 Niederhünigen
14%
320 Oberhünigen
14%
727 Oberthal
14%
105 Wiggiswil
14%
380 Wileroltigen
14%
424 Kriechenwil
7%
Keine übereinstimmenden Quizze gefunden
Verteilung der Resultate
Anzahl Personen mit jedem Resultat
Perzentil nach korrekt beantworteten Fragen
Ihre Resultats-Entwicklung
Sie haben dieses Quiz seit der letzten Aktualisierung nicht gespielt